<?xml version="1.0" encoding="UTF-8"?>
<record
    xmlns:xsi="http://www.w3.org/2001/XMLSchema-instance"
    xsi:schemaLocation="http://www.loc.gov/MARC21/slim http://www.loc.gov/standards/marcxml/schema/MARC21slim.xsd"
    xmlns="http://www.loc.gov/MARC21/slim">

  <leader>03236ngm a2200517   4500</leader>
  <controlfield tag="003">dpl</controlfield>
  <controlfield tag="005">20100302115645.0</controlfield>
  <controlfield tag="007">DVD </controlfield>
  <controlfield tag="008">||||||sp199   xxu|||||c |||  00| 0 ng d </controlfield>
  <datafield tag="010" ind1=" " ind2=" ">
    <subfield code="a">DVD-005851-5858 &amp; DVD-006354</subfield>
  </datafield>
  <datafield tag="024" ind1=" " ind2=" ">
    <subfield code="c">199.00 </subfield>
  </datafield>
  <datafield tag="035" ind1=" " ind2=" ">
    <subfield code="a">DVD-005851-5858</subfield>
  </datafield>
  <datafield tag="035" ind1=" " ind2=" ">
    <subfield code="a">DVD-006354</subfield>
  </datafield>
  <datafield tag="040" ind1=" " ind2=" ">
    <subfield code="a">DPL</subfield>
    <subfield code="c">DPL</subfield>
  </datafield>
  <datafield tag="082" ind1=" " ind2=" ">
    <subfield code="a">DVD / GHAJ</subfield>
  </datafield>
  <datafield tag="245" ind1=" " ind2=" ">
    <subfield code="a">Ghajini</subfield>
    <subfield code="c">Allu Arvind Presents</subfield>
    <subfield code="h">[videorecording] DVD/</subfield>
  </datafield>
  <datafield tag="260" ind1=" " ind2=" ">
    <subfield code="b">Big Home Video</subfield>
  </datafield>
  <datafield tag="270" ind1=" " ind2=" ">
    <subfield code="a">Reliance Energy Centre, Jawahar Lal Nehru Raod, Santacruz (East)</subfield>
    <subfield code="b">Mumbai</subfield>
    <subfield code="e">400055</subfield>
  </datafield>
  <datafield tag="300" ind1=" " ind2=" ">
    <subfield code="a">2 videodisc DVD; </subfield>
    <subfield code="b">sd., col. ;</subfield>
    <subfield code="c">4 3/4 in.</subfield>
    <subfield code="f">DVD</subfield>
  </datafield>
  <datafield tag="440" ind1=" " ind2=" ">
    <subfield code="a">Big Home Video</subfield>
  </datafield>
  <datafield tag="500" ind1=" " ind2=" ">
    <subfield code="a">This title is complete with 2 discs Not to be sold individually</subfield>
  </datafield>
  <datafield tag="500" ind1=" " ind2=" ">
    <subfield code="a">This DVD is copy protected</subfield>
  </datafield>
  <datafield tag="538" ind1=" " ind2=" ">
    <subfield code="a">Dolby Digital 5.1 - Hindi Subtitles: English</subfield>
  </datafield>
  <datafield tag="650" ind1=" " ind2=" ">
    <subfield code="a">Motion Picture</subfield>
  </datafield>
  <datafield tag="700" ind1=" " ind2=" ">
    <subfield code="a">Murugadoss, A.R.</subfield>
  </datafield>
  <datafield tag="700" ind1=" " ind2=" ">
    <subfield code="a">Madhu, Tagore</subfield>
  </datafield>
  <datafield tag="700" ind1=" " ind2=" ">
    <subfield code="a">Mantena, Madhu</subfield>
  </datafield>
  <datafield tag="700" ind1=" " ind2=" ">
    <subfield code="a">Rahman, A.R.</subfield>
  </datafield>
  <datafield tag="700" ind1=" " ind2=" ">
    <subfield code="a">Chandran, Ravi. K.</subfield>
  </datafield>
  <datafield tag="700" ind1=" " ind2=" ">
    <subfield code="a">Joshi, Prasoon</subfield>
  </datafield>
  <datafield tag="700" ind1=" " ind2=" ">
    <subfield code="a">Amir Khan</subfield>
  </datafield>
  <datafield tag="700" ind1=" " ind2=" ">
    <subfield code="a">Thottumkal, Asin</subfield>
  </datafield>
  <datafield tag="700" ind1=" " ind2=" ">
    <subfield code="a">Jiah Khan</subfield>
  </datafield>
  <datafield tag="942" ind1=" " ind2=" ">
    <subfield code="c">CF</subfield>
    <subfield code="2">ddc</subfield>
    <subfield code="h">DVD</subfield>
    <subfield code="m">GHAJ</subfield>
  </datafield>
  <datafield tag="999" ind1=" " ind2=" ">
    <subfield code="c">34344</subfield>
    <subfield code="d">34344</subfield>
  </datafield>
  <datafield tag="952" ind1=" " ind2=" ">
    <subfield code="0">0</subfield>
    <subfield code="1">0</subfield>
    <subfield code="2">ddc</subfield>
    <subfield code="4">0</subfield>
    <subfield code="7">0</subfield>
    <subfield code="a">L</subfield>
    <subfield code="b">L</subfield>
    <subfield code="d">2010-03-02</subfield>
    <subfield code="e">Pioneers/1003/28-11-09/325/13-10-09 /30-11-09 </subfield>
    <subfield code="g">199.00</subfield>
    <subfield code="l">14</subfield>
    <subfield code="o">DVD GHAJ</subfield>
    <subfield code="p">DVD-005851</subfield>
    <subfield code="r">2012-09-13 00:00:00</subfield>
    <subfield code="s">2012-09-04</subfield>
    <subfield code="t">1</subfield>
    <subfield code="v">199.00</subfield>
    <subfield code="w">2010-03-02</subfield>
    <subfield code="y">CF</subfield>
  </datafield>
  <datafield tag="952" ind1=" " ind2=" ">
    <subfield code="0">0</subfield>
    <subfield code="1">0</subfield>
    <subfield code="2">ddc</subfield>
    <subfield code="4">0</subfield>
    <subfield code="7">0</subfield>
    <subfield code="a">BL1</subfield>
    <subfield code="b">BL1</subfield>
    <subfield code="d">2010-03-02</subfield>
    <subfield code="e">Pioneers/1003/28-11-09/325/13-10-09 /30-11-09 </subfield>
    <subfield code="g">199.00</subfield>
    <subfield code="l">11</subfield>
    <subfield code="o">DVD GHAJ</subfield>
    <subfield code="p">DVD-005852</subfield>
    <subfield code="r">2013-08-19 00:00:00</subfield>
    <subfield code="s">2013-07-15</subfield>
    <subfield code="t">1</subfield>
    <subfield code="v">199.00</subfield>
    <subfield code="w">2010-03-02</subfield>
    <subfield code="y">CF</subfield>
  </datafield>
  <datafield tag="952" ind1=" " ind2=" ">
    <subfield code="0">0</subfield>
    <subfield code="1">0</subfield>
    <subfield code="2">ddc</subfield>
    <subfield code="4">0</subfield>
    <subfield code="7">0</subfield>
    <subfield code="a">ZLS</subfield>
    <subfield code="b">ZLS</subfield>
    <subfield code="d">2010-03-02</subfield>
    <subfield code="e">Pioneers/1003/28-11-09/325/13-10-09 /30-11-09 </subfield>
    <subfield code="g">199.00</subfield>
    <subfield code="l">16</subfield>
    <subfield code="o">DVD GHAJ</subfield>
    <subfield code="p">DVD-005853</subfield>
    <subfield code="r">2012-09-29 00:00:00</subfield>
    <subfield code="s">2012-09-22</subfield>
    <subfield code="t">1</subfield>
    <subfield code="v">199.00</subfield>
    <subfield code="w">2010-03-02</subfield>
    <subfield code="y">CF</subfield>
  </datafield>
  <datafield tag="952" ind1=" " ind2=" ">
    <subfield code="0">0</subfield>
    <subfield code="1">0</subfield>
    <subfield code="2">ddc</subfield>
    <subfield code="4">0</subfield>
    <subfield code="7">0</subfield>
    <subfield code="a">RKP</subfield>
    <subfield code="b">RKP</subfield>
    <subfield code="d">2010-03-02</subfield>
    <subfield code="e">Pioneers/1003/28-11-09/325/13-10-09 /30-11-09 </subfield>
    <subfield code="g">199.00</subfield>
    <subfield code="l">2</subfield>
    <subfield code="o">DVD GHAJ</subfield>
    <subfield code="p">DVD-005854</subfield>
    <subfield code="r">2011-06-21 00:00:00</subfield>
    <subfield code="s">2011-06-18</subfield>
    <subfield code="t">1</subfield>
    <subfield code="v">199.00</subfield>
    <subfield code="w">2010-03-02</subfield>
    <subfield code="y">CF</subfield>
  </datafield>
  <datafield tag="952" ind1=" " ind2=" ">
    <subfield code="0">0</subfield>
    <subfield code="1">0</subfield>
    <subfield code="2">ddc</subfield>
    <subfield code="4">0</subfield>
    <subfield code="7">0</subfield>
    <subfield code="a">VP</subfield>
    <subfield code="b">VP</subfield>
    <subfield code="d">2010-03-02</subfield>
    <subfield code="e">Pioneers/1003/28-11-09/325/13-10-09 /30-11-09 </subfield>
    <subfield code="g">199.00</subfield>
    <subfield code="l">8</subfield>
    <subfield code="m">3</subfield>
    <subfield code="o">DVD GHAJ</subfield>
    <subfield code="p">DVD-005855</subfield>
    <subfield code="r">2012-02-07 00:00:00</subfield>
    <subfield code="s">2012-01-23</subfield>
    <subfield code="t">1</subfield>
    <subfield code="v">199.00</subfield>
    <subfield code="w">2010-03-02</subfield>
    <subfield code="y">CF</subfield>
  </datafield>
  <datafield tag="952" ind1=" " ind2=" ">
    <subfield code="0">0</subfield>
    <subfield code="1">0</subfield>
    <subfield code="2">ddc</subfield>
    <subfield code="4">0</subfield>
    <subfield code="7">0</subfield>
    <subfield code="a">BL3</subfield>
    <subfield code="b">BL3</subfield>
    <subfield code="d">2010-03-02</subfield>
    <subfield code="e">Pioneers/1003/28-11-09/325/13-10-09 /30-11-09 </subfield>
    <subfield code="g">199.00</subfield>
    <subfield code="l">9</subfield>
    <subfield code="o">DVD GHAJ</subfield>
    <subfield code="p">DVD-005856</subfield>
    <subfield code="r">2014-07-09 00:00:00</subfield>
    <subfield code="s">2014-06-24</subfield>
    <subfield code="t">1</subfield>
    <subfield code="v">199.00</subfield>
    <subfield code="w">2010-03-02</subfield>
    <subfield code="y">CF</subfield>
  </datafield>
  <datafield tag="952" ind1=" " ind2=" ">
    <subfield code="0">0</subfield>
    <subfield code="1">0</subfield>
    <subfield code="2">ddc</subfield>
    <subfield code="4">0</subfield>
    <subfield code="7">0</subfield>
    <subfield code="a">NR</subfield>
    <subfield code="b">NR</subfield>
    <subfield code="d">2010-03-02</subfield>
    <subfield code="e">Pioneers/1003/28-11-09/325/13-10-09 /30-11-09 </subfield>
    <subfield code="g">199.00</subfield>
    <subfield code="l">7</subfield>
    <subfield code="o">DVD GHAJ</subfield>
    <subfield code="p">DVD-005857</subfield>
    <subfield code="r">2014-07-31 00:00:00</subfield>
    <subfield code="s">2014-07-24</subfield>
    <subfield code="t">1</subfield>
    <subfield code="v">199.00</subfield>
    <subfield code="w">2010-03-02</subfield>
    <subfield code="y">CF</subfield>
  </datafield>
  <datafield tag="952" ind1=" " ind2=" ">
    <subfield code="0">0</subfield>
    <subfield code="1">0</subfield>
    <subfield code="2">ddc</subfield>
    <subfield code="4">0</subfield>
    <subfield code="7">0</subfield>
    <subfield code="a">BL4</subfield>
    <subfield code="b">BL4</subfield>
    <subfield code="d">2010-03-02</subfield>
    <subfield code="e">Pioneers/1003/28-11-09/325/13-10-09 /30-11-09 </subfield>
    <subfield code="g">199.00</subfield>
    <subfield code="l">0</subfield>
    <subfield code="o">DVD GHAJ</subfield>
    <subfield code="p">DVD-005858</subfield>
    <subfield code="r">2010-03-02 00:00:00</subfield>
    <subfield code="t">1</subfield>
    <subfield code="v">199.00</subfield>
    <subfield code="w">2010-03-02</subfield>
    <subfield code="y">CF</subfield>
  </datafield>
  <datafield tag="952" ind1=" " ind2=" ">
    <subfield code="0">0</subfield>
    <subfield code="1">0</subfield>
    <subfield code="2">ddc</subfield>
    <subfield code="4">0</subfield>
    <subfield code="7">0</subfield>
    <subfield code="a">JP</subfield>
    <subfield code="b">JP</subfield>
    <subfield code="d">2010-03-11</subfield>
    <subfield code="e">Pioneers/1099/25-12-09/325/13-10-09 /30-12-09 </subfield>
    <subfield code="g">199.00</subfield>
    <subfield code="l">24</subfield>
    <subfield code="m">4</subfield>
    <subfield code="o">DVD GHAJ</subfield>
    <subfield code="p">DVD-006354</subfield>
    <subfield code="r">2013-11-26 00:00:00</subfield>
    <subfield code="s">2013-11-04</subfield>
    <subfield code="t">1</subfield>
    <subfield code="v">199.00</subfield>
    <subfield code="w">2010-03-11</subfield>
    <subfield code="y">CF</subfield>
  </datafield>
</record>
